One Piece - Paroles - Sniperking - Statistiques

Statistiques générales
  • Ce quiz a été pris 97 fois
  • Le résultat moyen est 39 sur 67
Statistiques - réponses
Paroles % Correct
J'
97%
J'
97%
Sniper
97%
sniper,
97%
sniper
97%
sniper.
97%
Je
96%
Je
96%
je
96%
Je
96%
l'
96%
l'
96%
île
95%
d'
93%
d'
93%
de
93%
de
93%
de
93%
des
92%
des
92%
suis
91%
viens
88%
un
86%
élite.
83%
tireur
83%
Snipers.
82%
C'
79%
ne
74%
ma
68%
cible.
66%
Jamais
66%
jamais
66%
manque
59%
est
57%
Sniperking !
57%
moi
50%
coeur !
46%
souris.
43%
en
39%
une
39%
oeil
36%
La la
34%
plein
33%
p'tites
33%
peux
32%
peux
32%
dexterité
29%
atteindre
28%
fais
28%
preuve
28%
Tu
28%
égalée.
26%
Même
26%
toucher
26%
loin
24%
ferais
21%
fuir.
21%
mieux
21%
on !
21%
on !
21%
Lu
18%
Lock
17%
Lock
17%
Ouais,
14%
Lu lu
13%
Lu lu la la
13%
Lu lu lu
13%
Aucun quiz correspondant
Distribution des résultats
% des personnes avec chaque résultat
Percentile par nombre de réponses
Votre historique - résultats
Vous n’avez pas pris ce quiz